000 00311nam a22001457a 4500
008 230529b ||||| |||| 00| 0 eng d
020 _a9782070763238
041 _aFRA
080 _a82
082 _a82JAR
100 _a38
101 _aGJL
245 _aMADEMOISELLE LIBERTE
_cJARDIN .A
942 _2udc
_cBK
999 _c59857
_d59857